[Event "RLP Seniors op 17th"]
[Site "Neustadt an der Weinstrasse"]
[Date "2019.07.28"]
[Round "9"]
[White "Wraga, Hermann"]
[Black "Kienel, Norbert"]
[Result "1/2-1/2"]
[WhiteElo "1703"]
[BlackElo "1826"]
[PlyCount "49"]
[EventDate "2019.07.20"]
[EventType "swiss"]
[EventRounds "9"]
[EventCountry "GER"]
[SourceTitle "CBM 192 Extra"]
[Source "Chessbase"]
[SourceDate "2019.11.06"]
[SourceVersion "1"]
[SourceVersionDate "2019.11.06"]
[SourceQuality "1"]

1. e4 c5 2. Nc3 Nc6 3. g3 g6 4. Bg2 Bg7 5. d3 Nf6 6. f4 d6 7. Nf3 Nd4 8. h3 a6 9. 0-0 e6 10. Be3 Nxf3+ 11. Qxf3 0-0 12. Rab1 Rb8 13. g4 b5 14. Qd1 b4 15. Ne2 Qa5 16. Nc1 Bb7 17. f5 exf5 18. exf5 Bxg2 19. Kxg2 Rbe8 20. Qf3 Qc7 21. Bd2 Nd7 22. c3 Ne5 23. Qd5 Nc6 24. f6 Re5 25. Qf3 1/2-1/2

[Event "RLP Seniors op 17th"]
[Site "Neustadt an der Weinstrasse"]
[Date "2019.07.23"]
[Round "4"]
[White "Kienel, Norbert"]
[Black "Humm, Peter"]
[Result "0-1"]
[WhiteElo "1826"]
[BlackElo "1610"]
[PlyCount "44"]
[EventDate "2019.07.20"]
[EventType "swiss"]
[EventRounds "9"]
[EventCountry "GER"]
[SourceTitle "CBM 192 Extra"]
[Source "Chessbase"]
[SourceDate "2019.11.06"]
[SourceVersion "1"]
[SourceVersionDate "2019.11.06"]
[SourceQuality "1"]

1. d4 b5 2. Bf4 Bb7 3. e3 a6 4. Nf3 e6 5. Bd3 c5 6. dxc5 Bxc5 7. 0-0 Nf6 8. Nbd2 d5 9. h3 Nbd7 10. c3 Rc8 11. Re1 Qe7 12. Bg5 h6 13. Bh4 g5 14. Bg3 Bd6 15. Bxd6 Qxd6 16. Nb3 g4 17. hxg4 Nxg4 18. g3 Rg8 19. Nh4 Nxf2 20. Kxf2 Qxg3+ 21. Ke2 Qh2+ 22. Kf3 Ne5# 0-1

[Event "GER-ch Seniors 65"]
[Site "Hamburg"]
[Date "2018.07.29"]
[Round "9"]
[White "Fritsch, Juergen"]
[Black "Kienel, Norbert"]
[Result "1/2-1/2"]
[WhiteElo "1778"]
[BlackElo "1862"]
[PlyCount "91"]
[EventDate "2018.07.21"]
[EventType "swiss"]
[EventRounds "9"]
[EventCountry "GER"]
[SourceTitle "CBM 186 Extra"]
[Source "ChessBase"]
[SourceDate "2018.08.24"]
[SourceVersion "1"]
[SourceVersionDate "2018.08.24"]
[SourceQuality "1"]

1. d4 Nf6 2. Bg5 e6 3. Nd2 d5 4. Ngf3 Nbd7 5. e3 Be7 6. Bd3 h6 7. Bh4 0-0 8. 0-0 c5 9. c3 b6 10. Re1 Bb7 11. Bg3 Rc8 12. Ne5 Nxe5 13. Bxe5 Ne8 14. Qg4 Bd6 15. Nf3 Nf6 16. Qg3 Bxe5 17. Nxe5 Ne4 18. Qh3 f5 19. Re2 Qe8 20. g3 Ng5 21. Qg2 Qh5 22. h4 Ne4 23. f3 Nf6 24. Qh3 g5 25. Kh2 g4 26. fxg4 Nxg4+ 27. Nxg4 fxg4 28. Qg2 Rf6 29. Rf1 Rcf8 30. Ref2 Rxf2 31. Rxf2 Qe8 32. Rf4 h5 33. Qf2 Rxf4 34. Qxf4 Qf7 35. a3 Qxf4 36. exf4 Kg7 37. Bb5 Kf7 38. Kg2 a6 39. Bd3 c4 40. Bc2 Kf6 41. Kf2 Bc6 42. b3 cxb3 43. Bxb3 Bb5 44. Ke3 Bf1 45. a4 a5 46. Bc2 1/2-1/2

[Event "GER-ch Seniors 65"]
[Site "Hamburg"]
[Date "2018.07.26"]
[Round "6"]
[White "Kienel, Norbert"]
[Black "Wilke, Wolfgang"]
[Result "1/2-1/2"]
[WhiteElo "1862"]
[BlackElo "1704"]
[PlyCount "50"]
[EventDate "2018.07.21"]
[EventType "swiss"]
[EventRounds "9"]
[EventCountry "GER"]
[SourceTitle "CBM 186 Extra"]
[Source "ChessBase"]
[SourceDate "2018.08.24"]
[SourceVersion "1"]
[SourceVersionDate "2018.08.24"]
[SourceQuality "1"]

1. d4 d5 2. c4 e6 3. Nc3 Nf6 4. Nf3 Be7 5. e3 Nbd7 6. Bd3 h6 7. 0-0 0-0 8. Re1 b6 9. cxd5 exd5 10. Bd2 Bb7 11. Rc1 a6 12. Bb1 Ne4 13. Qc2 Bd6 14. Red1 Ndf6 15. Be1 g6 16. Ne5 Qe8 17. f3 Ng5 18. h4 Ne6 19. Bg3 Rd8 20. Ne2 c5 21. Bf4 Kg7 22. g4 cxd4 23. exd4 Nxf4 24. Nxf4 Bxe5 25. dxe5 Qxe5 1/2-1/2

[Event "GER-ch Seniors 65"]
[Site "Hamburg"]
[Date "2018.07.25"]
[Round "5"]
[White "Jacob, Barbara"]
[Black "Kienel, Norbert"]
[Result "0-1"]
[WhiteElo "1763"]
[BlackElo "1862"]
[PlyCount "99"]
[EventDate "2018.07.21"]
[EventType "swiss"]
[EventRounds "9"]
[EventCountry "GER"]
[SourceTitle "CBM 186 Extra"]
[Source "ChessBase"]
[SourceDate "2018.08.24"]
[SourceVersion "1"]
[SourceVersionDate "2018.08.24"]
[SourceQuality "1"]

1. e4 c5 2. d4 cxd4 3. c3 dxc3 4. Nxc3 d6 5. Nf3 h6 6. Bc4 Nf6 7. e5 Ng4 8. exd6 exd6 9. h3 Qe7+ 10. Ne2 Ne5 11. Nxe5 dxe5 12. 0-0 Nc6 13. Nc3 Be6 14. Nd5 Bxd5 15. Bxd5 0-0-0 16. Qb3 Nd4 17. Qc4+ Kb8 18. Be3 Rc8 19. Qd3 Rd8 20. Bxd4 Rxd5 21. Bxa7+ Kxa7 22. Qxd5 g6 23. Rfd1 Bg7 24. Rac1 e4 25. Qd7 Qe5 26. b3 e3 27. fxe3 Qxe3+ 28. Kh1 Be5 29. Qg4 h5 30. Qf3 Qb6 31. Rd7 f6 32. Rc4 g5 33. Qd5 Re8 34. Ra4+ Kb8 35. Re4 g4 36. h4 Rc8 37. Re1 Bg3 38. Rd1 Rc2 39. Rd8+ Ka7 40. Rd7 Rxa2 41. b4 Ra4 42. b5 Ra5 43. Rb1 Be5 44. Qc6 g3 45. Qd5 Ra4 46. Rxb7+ Qxb7 47. Qc5+ Ka8 48. Qf8+ Qb8 49. Qf7 Rxh4+ 50. Kg1 0-1